[Event "SLO-chT3 West"]
[Site "Kocevje"]
[Date "2009.11.13"]
[Round "1"]
[White "Krze, Nina"]
[Black "Malnar, Toni"]
[Result "0-1"]
[WhiteElo "1516"]
[BlackElo "2079"]
[PlyCount "66"]
[EventDate "2009.11.13"]
[EventType "swiss"]
[EventRounds "5"]
[EventCountry "SLO"]
[SourceTitle "EXT 2022"]
[Source "ChessBase"]
[SourceDate "2021.10.06"]
[SourceVersion "1"]
[SourceVersionDate "2021.10.06"]
[SourceQuality "1"]

1. e4 Nf6 2. e5 Nd5 3. d4 e6 4. c4 Nb6 5. Nf3 d5 6. exd6 cxd6 7. Nc3 Be7 8. d5 e5 9. b3 Bg4 10. h3 Bh5 11. Be2 N8d7 12. 0-0 f5 13. Be3 0-0 14. Nh2 Bg6 15. f4 e4 16. Bh5 Bf6 17. Rc1 Nc5 18. Bxg6 hxg6 19. Qe2 Nd3 20. Rc2 Rc8 21. Nd1 Qc7 22. Nf2 Nxd5 23. Nxd3 exd3 24. Qxd3 Nb4 25. Qd2 Nxc2 26. Qxc2 d5 27. Rc1 Rfe8 28. Bd2 Qc5+ 29. Kf1 Bh4 30. Bc3 d4 31. Bb2 d3 32. Qd2 Re2 33. Qd1 Qf2# 0-1

[Event "SLO-ch qual"]
[Site "Otocec"]
[Date "2009.07.09"]
[Round "4"]
[White "Hervolj, Manca"]
[Black "Krze, Nina"]
[Result "1-0"]
[WhiteElo "1536"]
[BlackElo "1516"]
[PlyCount "75"]
[EventDate "2009.07.07"]
[EventType "swiss"]
[EventRounds "9"]
[EventCountry "SLO"]
[SourceTitle "EXT 2010"]
[Source "ChessBase"]
[SourceDate "2010.11.25"]
[SourceVersion "1"]
[SourceVersionDate "2010.11.25"]
[SourceQuality "1"]

1. e4 d5 2. exd5 Qxd5 3. Nc3 Qd6 4. h3 Nf6 5. Nf3 a6 6. Bc4 b5 7. Bb3 Bb7 8. a3 e5 9. d3 Be7 10. 0-0 0-0 11. Re1 Nfd7 12. Ne4 Qb6 13. Qe2 Kh8 14. Nfg5 Bxg5 15. Nxg5 Qg6 16. Qg4 f6 17. Nf7+ Rxf7 18. Qxg6 hxg6 19. Bxf7 g5 20. Bg6 Nf8 21. Be4 Bxe4 22. dxe4 Nc6 23. c3 Ne6 24. Be3 Rd8 25. Rad1 Re8 26. g3 Kh7 27. Kg2 Kh6 28. Rh1 g6 29. h4 Kg7 30. hxg5 fxg5 31. Rd7+ Kf6 32. Rhh7 Rf8 33. b4 Ncd8 34. Bc5 Re8 35. Be7+ Rxe7 36. Rdxe7 g4 37. Re8 c6 38. Ra7 1-0

[Event "SLO-ch qual"]
[Site "Otocec"]
[Date "2009.07.08"]
[Round "3"]
[White "Kralj, Manca"]
[Black "Krze, Nina"]
[Result "1-0"]
[WhiteElo "1591"]
[BlackElo "1516"]
[PlyCount "69"]
[EventDate "2009.07.07"]
[EventType "swiss"]
[EventRounds "9"]
[EventCountry "SLO"]
[SourceTitle "EXT 2010"]
[Source "ChessBase"]
[SourceDate "2010.11.25"]
[SourceVersion "1"]
[SourceVersionDate "2010.11.25"]
[SourceQuality "1"]

1. e4 d5 2. exd5 Qxd5 3. Nc3 Qd6 4. Bc4 Nf6 5. d3 a6 6. h3 b5 7. Bb3 Bb7 8. Nf3 e6 9. a3 Be7 10. Be3 0-0 11. 0-0 Nbd7 12. Nd2 Nb6 13. Nde4 Nxe4 14. Nxe4 Qd7 15. Bc5 Rfe8 16. Re1 Qc6 17. Bxb6 cxb6 18. f3 b4 19. a4 a5 20. Kh1 b5 21. axb5 Qxb5 22. Ba4 Qb6 23. Bxe8 Rxe8 24. Qd2 h6 25. Qe3 Qc7 26. Qf2 Qd8 27. Qa7 Bd5 28. Qxa5 Qc8 29. c3 bxc3 30. bxc3 Bd8 31. Qc5 Qb8 32. Reb1 Qe5 33. Ra7 Kh8 34. c4 Bxe4 35. Qxe5 1-0

[Event "SLO-ch U14 Girls"]
[Site "Rogaska Slatina"]
[Date "2009.02.26"]
[Round "7"]
[White "Krajnc, Ivana"]
[Black "Krze, Nina"]
[Result "1/2-1/2"]
[WhiteElo "1500"]
[BlackElo "1500"]
[PlyCount "44"]
[EventDate "2009.02.22"]
[EventType "swiss"]
[EventRounds "9"]
[EventCountry "SLO"]
[SourceTitle "CBM 129 Extra"]
[Source "ChessBase"]
[SourceDate "2009.05.05"]
[SourceVersion "2"]
[SourceVersionDate "2009.05.20"]
[SourceQuality "1"]

1. e4 d5 2. exd5 Qxd5 3. Nc3 Qd6 4. d4 Nf6 5. Nf3 a6 6. g3 g6 7. Bg2 c6 8. Bf4 Qb4 9. Rb1 Ne4 10. a3 Nxc3 11. axb4 Nxd1 12. Rxd1 Bg7 13. 0-0 Bf5 14. c3 Nd7 15. Rfe1 Nf6 16. Ng5 Rd8 17. Ne4 Nxe4 18. Bxe4 Bxe4 19. Rxe4 e6 20. Bg5 Rd5 21. Bf4 Ke7 22. c4 Rd7 1/2-1/2

[Event "SLO-ch U14 Girls"]
[Site "Rogaska Slatina"]
[Date "2009.02.23"]
[Round "3"]
[White "Krze, Nina"]
[Black "Carli, Lara"]
[Result "1/2-1/2"]
[WhiteElo "1500"]
[BlackElo "1521"]
[PlyCount "35"]
[EventDate "2009.02.22"]
[EventType "swiss"]
[EventRounds "9"]
[EventCountry "SLO"]
[SourceTitle "CBM 129 Extra"]
[Source "ChessBase"]
[SourceDate "2009.05.05"]
[SourceVersion "2"]
[SourceVersionDate "2009.05.20"]
[SourceQuality "1"]

1. e4 c5 2. Nf3 Nc6 3. Bb5 e6 4. Bxc6 bxc6 5. c3 d5 6. Qe2 Nf6 7. d3 h6 8. Bf4 Ba6 9. exd5 Qxd5 10. c4 Qd8 11. 0-0 Bd6 12. Bxd6 Qxd6 13. Nc3 0-0 14. Rad1 Rfe8 15. Rfe1 Rad8 16. Ne4 Qe7 17. Nxf6+ Qxf6 18. b3 1/2-1/2

[Event "SLO-ch U14 Girls"]
[Site "Rogaska Slatina"]
[Date "2009.02.22"]
[Round "2"]
[White "Veliscek, Iza"]
[Black "Krze, Nina"]
[Result "1/2-1/2"]
[WhiteElo "1500"]
[BlackElo "1500"]
[PlyCount "29"]
[EventDate "2009.02.22"]
[EventType "swiss"]
[EventRounds "9"]
[EventCountry "SLO"]
[SourceTitle "CBM 129 Extra"]
[Source "ChessBase"]
[SourceDate "2009.05.05"]
[SourceVersion "2"]
[SourceVersionDate "2009.05.20"]
[SourceQuality "1"]

1. e4 d5 2. exd5 Qxd5 3. Nc3 Qd6 4. Nf3 Nf6 5. d4 a6 6. h3 b5 7. a3 Bb7 8. Be2 e6 9. Be3 Be7 10. Qd3 Nbd7 11. b4 0-0 12. Bg5 h6 13. Bh4 Rfe8 14. Bg3 Qc6 15. Rg1 1/2-1/2

[Event "SLO-ch U14 Girls"]
[Site "Postojna"]
[Date "2008.02.29"]
[Round "8"]
[White "Krze, Nina"]
[Black "Romanovskaya, Marija"]
[Result "0-1"]
[WhiteElo "1500"]
[BlackElo "1500"]
[PlyCount "54"]
[EventDate "2008.02.24"]
[EventType "swiss"]
[EventRounds "9"]
[EventCountry "SLO"]
[SourceTitle "EXT 2010"]
[Source "ChessBase"]
[SourceDate "2010.11.25"]
[SourceVersion "1"]
[SourceVersionDate "2010.11.25"]
[SourceQuality "1"]

1. e4 e5 2. Nf3 Nc6 3. Bc4 Nf6 4. d3 Bc5 5. c3 d6 6. h3 0-0 7. Bg5 h6 8. Bh4 g5 9. Bg3 Qe8 10. Bb3 Be6 11. Bc2 Kg7 12. 0-0 Rg8 13. Nh2 Kh7 14. h4 gxh4 15. Bxh4 Ng4 16. Nd2 Nxh2 17. Kxh2 Qf8 18. Nf3 f5 19. d4 exd4 20. Nxd4 Nxd4 21. cxd4 Qg7 22. Rg1 Bxd4 23. exf5 Qe5+ 24. Bg3 Rxg3 25. fxe6+ Kh8 26. fxg3 Rg8 27. Qd3 Qh5# 0-1